PHARMACEUTICAL TECHNOLOGY -II (Record no. 8154)

MARC details
000 -LEADER
fixed length control field 00339nam a22001577a 4500
003 - CONTROL NUMBER IDENTIFIER
control field SGT
020 ## - INTERNATIONAL STANDARD BOOK NUMBER
International Standard Book Number 978-239-2031-3
082 ## - DEWEY DECIMAL CLASSIFICATION NUMBER
Classification number 615.190, P12A
100 ## - MAIN ENTRY--PERSONAL NAME
Personal name AGARWAL, GAURAV
245 ## - TITLE STATEMENT
Title PHARMACEUTICAL TECHNOLOGY -II
250 ## - EDITION STATEMENT
Edition statement 1SH
260 ## - PUBLICATION, DISTRIBUTION, ETC. (IMPRINT)
Place of publication, distribution, etc DELHI
Name of publisher, distributor, etc CBS
Year of Publication 2012
300 ## - PAGE DESCRIPTION
No. of Pages 402
650 ## - SUBJECT ADDED ENTRY--TOPICAL TERM
Topical term or geographic name as entry element PHARMACEUTICAL
942 ## - ADDED ENTRY ELEMENTS (KOHA)
Source of classification or shelving scheme Dewey Decimal Classification
Koha item type Books
942 ## - ADDED ENTRY ELEMENTS (KOHA)
-- 1
Holdings
Withdrawn status Lost status Source of classification or shelving scheme Damaged status Not for loan Collection code Home library Current library Shelving location Date acquired Vendor Name Cost, normal purchase price Volume Information (Serial or Books or Non-Book Material) SGTU Bill Number Full call number Accession No. (Barcode) Date last seen Bill Date Koha item type Total Checkouts Date last borrowed
Withdrawn   Dewey Decimal Classification     PHARMACY SGT FA-FP Library SGT FA-FP Library Text Book 11/12/2015 AHUJA BOOK COMPNY 250.00 II SGTU 6162 615.190, P12A FP1596 11/12/2015 06/10/2015 Books    
    Dewey Decimal Classification     PHARMACY SGT FA-FP Library SGT FA-FP Library Text Book 11/12/2015 AHUJA BOOK COMPNY 250.00 II SGTU 6162 615.190, P12A FP1597 17/09/2019 06/10/2015 Books 1 12/09/2019
    Dewey Decimal Classification     PHARMACY SGT FA-FP Library SGT FA-FP Library Text Book 11/12/2015 AHUJA BOOK COMPNY 250.00 II SGTU 6162 615.190, P12A FP1598 13/11/2018 06/10/2015 Books 1 18/10/2018
    Dewey Decimal Classification     PHARMACY SGT FA-FP Library SGT FA-FP Library Text Book 11/12/2015 AHUJA BOOK COMPNY 250.00 II SGTU 6162 615.190, P12A FP1599 11/11/2019 06/10/2015 Books 1 09/11/2019
    Dewey Decimal Classification     PHARMACY SGT FA-FP Library SGT FA-FP Library Text Book 11/12/2015 AHUJA BOOK COMPNY 250.00 II SGTU 6162 615.190, P12A FP1600 19/04/2018 06/10/2015 Books    
    Dewey Decimal Classification     PHARMACY SGT FA-FP Library SGT FA-FP Library Text Book 11/12/2015 AHUJA BOOK COMPNY 250.00 II SGTU 6162 615.190, P12A FP1601 04/12/2019 06/10/2015 Books 1 27/11/2019
    Dewey Decimal Classification     PHARMACY SGT FA-FP Library SGT FA-FP Library Text Book 11/12/2015 AHUJA BOOK COMPNY 250.00 II SGTU 6162 615.190, P12A FP1602 01/09/2023 06/10/2015 Books 1 16/08/2023
    Dewey Decimal Classification     PHARMACY SGT FA-FP Library SGT FA-FP Library Text Book 11/12/2015 AHUJA BOOK COMPNY 250.00 II SGTU 6162 615.190, P12A FP1603 11/12/2015 06/10/2015 Books    
    Dewey Decimal Classification     PHARMACY SGT FA-FP Library SGT FA-FP Library Text Book 11/12/2015 AHUJA BOOK COMPNY 250.00 II SGTU 6162 615.190, P12A FP1604 11/12/2015 06/10/2015 Books    
    Dewey Decimal Classification     PHARMACY SGT FA-FP Library SGT FA-FP Library Text Book 11/12/2015 AHUJA BOOK COMPNY 250.00 II SGTU 6162 615.190, P12A FP1605 11/12/2015 06/10/2015 Books